000
00262nam a22001217a 4500
003
SGT
082
_a
616.89
_b
P17D
100
_a
DOGRA, NISHA
245
_a
PSYCHIATRY BY TEN TEACHERS
260
_a
ROCA RATON
_b
CRC
_c
2017
300
_a
281
942
_2
ddc
_c
BK
_0
1
999
_c
14989
_d
14989